|
|
|
|
| LEADER |
02444nam a2200613 ia4500 |
| 001 |
nkc20162863513 |
| 003 |
CZ PrNK |
| 005 |
20191025110434.0 |
| 007 |
ta |
| 008 |
161213m20169999xr a g d 001 0 cze |
| 015 |
|
|
|a cnb002863513
|
| 020 |
|
|
|a 978-80-906637-0-1
|q (1. díl ;
|q brožováno)
|
| 020 |
|
|
|a 978-80-906637-3-2
|q (2. díl ;
|q brožováno)
|
| 035 |
|
|
|a (OCoLC)970636536
|
| 040 |
|
|
|a ABA001
|b cze
|d BOA001
|e rda
|
| 041 |
1 |
|
|a cze
|a vie
|h cze
|
| 072 |
|
7 |
|a 81
|x Lingvistika. Jazyky
|2 Konspekt
|9 11
|
| 080 |
|
|
|a 811.162.3
|2 MRF
|
| 080 |
|
|
|a 811.612.91
|2 MRF
|
| 080 |
|
|
|a 81'374.8-022.215
|2 MRF
|
| 080 |
|
|
|a (038)81
|2 MRF
|
| 080 |
|
|
|a (038.025.2)
|2 MRF
|
| 100 |
1 |
|
|a Dolanská Hrachová, Jana,
|d 1976-
|7 xx0208921
|4 aut
|
| 245 |
1 |
0 |
|a Česko-vietnamský ilustrovaný slovník =
|b Từ điển Séc-Việt minh họa /
|c autor: Jana Dolanská Hrachová a kolektiv ; překlad: Nguy Giang Linh, Hau Phamová
|
| 246 |
3 |
|
|a Séc-Việt từ điển
|
| 246 |
3 |
0 |
|a Vietnamský ilustrovaný slovník
|
| 246 |
3 |
1 |
|a Từ điển Séc-Việt minh họa
|
| 250 |
|
|
|a První vydání
|
| 264 |
|
1 |
|a Praha :
|b Dolanski,
|c 2016-
|
| 300 |
|
|
|a ^^^svazků :
|b barevné ilustrace ;
|c 22 cm
|
| 336 |
|
|
|a text
|b txt
|2 rdacontent
|
| 336 |
|
|
|a statický obraz
|b sti
|2 rdacontent
|
| 337 |
|
|
|a bez média
|b n
|2 rdamedia
|
| 338 |
|
|
|a svazek
|b nc
|2 rdacarrier
|
| 500 |
|
|
|a Obsahuje rejstříky
|
| 505 |
1 |
|
|a 1. 2016. 141 stran -- 2. 2019. 141 stran / autor: Jana Dolanská Hrachová ; překlad: Hau Phamová
|
| 650 |
0 |
7 |
|a čeština
|7 ph135292
|2 czenas
|
| 650 |
0 |
7 |
|a vietnamština
|7 ph127101
|2 czenas
|
| 650 |
0 |
9 |
|a Czech language
|2 eczenas
|
| 650 |
0 |
9 |
|a Vietnamese language
|2 eczenas
|
| 655 |
|
7 |
|a dvojjazyčné překladové slovníky
|7 fd208746
|2 czenas
|
| 655 |
|
7 |
|a obrazové slovníky
|7 fd132949
|2 czenas
|
| 655 |
|
9 |
|a bilingual translation dictionaries
|2 eczenas
|
| 655 |
|
9 |
|a illustrated dictionaries
|2 eczenas
|
| 700 |
1 |
|
|a Nguy, Giang Linh
|7 jo2016910264
|4 trl
|
| 700 |
1 |
|
|a Phamová, Hau,
|d 1968-
|7 xx0208920
|4 trl
|
| 910 |
2 |
|
|a BOA001
|b 2-1380.344
|s 1-2
|
| 920 |
|
|
|a nkc20162843875
|
| 928 |
9 |
|
|a Dolanská - nakladatelství Dolanski
|
| 990 |
|
|
|a BK
|
| 995 |
|
|
|a 01
|
| 991 |
|
|
|b 201909
|c NOV
|
| 996 |
6 |
|
|b 2610692304
|c 2-1380.344
|d 1. díl
|v 1
|l MZK
|r Sklad / do 1 hodiny
|n 1
|p p.v.
|w 001594251
|u 000010
|a 1
|e BOA001
|j MZK50
|s P
|
| 996 |
6 |
|
|b 2610793538
|c 2-1380.344
|d 2. díl
|v 2
|l MZK
|r Sklad / do 1 hodiny
|n 1
|p p.v.
|w 001594251
|u 000020
|a 1
|e BOA001
|j MZK50
|s P
|